Migración, fronteras e identidades étnicas transnacionales /
Salvato in:
| Autore principale: | |
|---|---|
| Altri autori: | |
| Natura: | testo |
| Pubblicazione: |
Tijuana:
El Colegio de la Frontera Norte. Porrúa
|
| Soggetti: | |
| Tags: |
Aggiungi Tag
Nessun Tag, puoi essere il primo ad aggiungerne!!
|
MARC
| LEADER | 00000 a a2200000 04500 | ||
|---|---|---|---|
| 001 | 39643 | ||
| 003 | |||
| 040 | |||
| 020 | |a 978-968-7947-57-0 |a 978-970-819-117-3 | ||
| 090 | |a 1001 V433m | ||
| 100 | |a Velasco Ortiz, Laura | ||
| 245 | |a Migración, fronteras e identidades étnicas transnacionales / |c Laura Velasco Ortiz | ||
| 260 | |a Tijuana: |b El Colegio de la Frontera Norte. Porrúa | ||
| 300 | |a 339 p. | ||
| 650 | |a FRONTERAS | ||
| 650 | |a FACTORES ETNICOS | ||
| 650 | |a MIGRACION | ||
| 650 | |a AMERICA LATINA | ||
| 650 | |a MEXICO | ||
| 700 | |a coord. | ||
| 999 | |c 11901 |d 11901 | ||



